书目信息 |
| 题名: |
紫檀
|
|
| 作者: | 张建广 著 | |
| 分册: | ||
| 出版信息: | 北京 新华出版社 2009.09 |
|
| 页数: | 266页 | |
| 开本: | 24cm | |
| 丛书名: | ||
| 单 册: | ||
| 中图分类: | I247.5 | |
| 科图分类: | ||
| 主题词: | 长篇小说--chang pian xiao shuo--中国--当代 | |
| 电子资源: | ||
| ISBN: | 978-7-5011-8913-7 | |
| 000 | 00773nam0 2200229 450 | |
| 001 | 012009960937 | |
| 005 | 20100411183835.93 | |
| 010 | @a978-7-5011-8913-7@dCNY26.00 | |
| 100 | @a20100411d2009 em y0chiy0120 ea | |
| 101 | 0 | @achi |
| 102 | @aCN@b110000 | |
| 105 | @ay z 000ay | |
| 106 | @ar | |
| 200 | 1 | @a紫檀@Azi tan@f张建广著@Fzhang jian guang zhu |
| 210 | @a北京@c新华出版社@d2009.09 | |
| 215 | @a266页@d24cm | |
| 330 | @a本书以紫檀家具制造为主线,描写了二十世纪上半叶发生在京城紫檀家私世家的恩怨情仇,并将伐檀、烘檀、构图、雕琢、赏玩以及赝品鉴别等融入故事情节之中。 | |
| 606 | 0 | @a长篇小说@Achang pian xiao shuo@y中国@z当代 |
| 690 | @aI247.5@v4 | |
| 701 | 0 | @a张建广@Azhang jian guang@4著 |
| 801 | 0 | @aCN@bQSSK@c20100411 |
| 905 | @b776523-25@dI247.5@eZ121@f3 | |
| 紫檀/张建广著.-北京:新华出版社,2009.09 |
| 266页;24cm |
| ISBN 978-7-5011-8913-7:CNY26.00 |
| 本书以紫檀家具制造为主线,描写了二十世纪上半叶发生在京城紫檀家私世家的恩怨情仇,并将伐檀、烘檀、构图、雕琢、赏玩以及赝品鉴别等融入故事情节之中。 |
| ● |
| 相关链接 |
|
|
|
正题名:紫檀
索取号:I247.5/Z121
 
预约/预借
| 序号 | 登录号 | 条形码 | 馆藏地/架位号 | 状态 | 备注 |
| 1 | 776523 | 207765239 | 社科二线422/422社科库 5排1列5层/ [索取号:I247.5/Z121] | 在馆 | |
| 2 | 776524 | 207765248 | 文学库108/108文学库 41排4列5层/ [索取号:I247.5/Z121] | 在馆 | |
| 3 | 776525 | 207765257 | 社科二线422/422社科库 2排2列2层/ [索取号:I247.5/Z121] | 在馆 |